000 00490nam a2200169Ia 4500
008 230718s9999 xx 000 0 und d
020 _a9788184003499
041 _aeng
082 _a346.410
_bDAD
100 _aDadabhoy B.K.
_9196084
245 _aBarons Of Banking
_bGlimpses Of India Banking History
260 _c2013
_bRandom House India
300 _a478
365 _cRs.
_b599.00
700 _aDadabhoy B.K.
_9196084
906 _dO:0389303-Jun-2014B:561810-Apr-2014
_cGENRL
_b131.78
999 _c336293
_d336293